Memoria sobre los productos del ramo de sederías que figuran en la Exposición Internacional de Londres ... / por Don José Reig
Descripción Física:
10 p. ; 30 cm
MARC
| LEADER | 00000nam a2200000Ia 4500 | ||
|---|---|---|---|
| 001 | 16485 | ||
| 008 | 160829s1862 xx 000 0 cat d | ||
| 080 | |a RF-13-40 | ||
| 100 | |a Reig, José |9 47005 | ||
| 245 | |a Memoria sobre los productos del ramo de sederías que figuran en la Exposición Internacional de Londres ... / por Don José Reig | ||
| 260 | |a Barcelona : |b Tipografía de Valentín Domenech, |c 1862 | ||
| 300 | |a 10 p. ; |c 30 cm | ||
| 590 | |a Prové de 1401, exp. 23 | ||
| 650 | |a Seda |x Londres |x Exposicions |9 47006 | ||
| 650 | |a Exposición Internacional de Londres (1862) |9 47007 | ||
| 856 | 4 | |u https://media.diba.cat/diba/fitxers/arxiu/fulletons/bib_16485_1862_baixa.pdf |y Accés lliure | |
| 856 | 4 | |u https://media.diba.cat/diba/fitxers/arxiu/fulletons/bib_16485_1862_baixa.pdf |y Accés lliure | |
| 901 | |a Arxiu | ||
| 942 | |n 1 |2 udc | ||
| 952 | |0 0 |1 0 |4 0 |6 RF1340 |7 1 |9 53594 |a Arxiu |b Arxiu |d 2016-12-01 |l 0 |o RF-13-40 |p 16485 |r 2016-12-01 00:00:00 |w 2016-12-01 |y ARXIU | ||
| 999 | |c 57460 |d 57460 | ||
| 900 | |a bib_16485_1862_baixa.pdf | ||